LIBRARY & INFORMATION CENTRE, KCAET, TAVANUR

ONLINE PUBLIC ACCESS CATALOGUE (OPAC)

Soil Physics: An Introduction (Record no. 14687)

MARC details
000 -LEADER
fixed length control field 00283nam a22001217a 4500
020 ## - INTERNATIONAL STANDARD BOOK NUMBER
ISBN 9781439888421
082 ## - DEWEY DECIMAL CLASSIFICATION NUMBER
Classification number 631.43
Item number SHU/SO
100 ## - MAIN ENTRY--AUTHOR NAME
Personal name Shukla,Manoj K.
245 ## - TITLE STATEMENT
Title Soil Physics: An Introduction
260 ## - PUBLICATION, DISTRIBUTION, ETC. (IMPRINT)
Place of publication Boca Raton
Name of publisher CRC Press
Year of publication 2014
300 ## - PHYSICAL DESCRIPTION
Number of Pages 458
942 ## - ADDED ENTRY ELEMENTS (KOHA)
Koha item type Books
Holdings
Withdrawn status Lost status Damaged status Collection code Home library Current library Shelving location Date acquired Source of acquisition Cost, normal purchase price Full call number Accession Number Koha item type
        KAUAET KAUAET General Stacks 27/07/2016 Dream Tech, TVM. 6968.51 631.43 SHU/SO 24453 Books
free website counter